00693 2200253 4500001002100000005001500021035002000036007000300056008004100059020001800100082001100118084001700129100002000146245008600166250001700252260002600269300004000295650001800335700002300353505001200376990001700388990001700405990001700422INLIS00000000000989220260417101045 a0010-0426000272ta260417 g 0 ind  a979-448-733-3 a616.07 a616.07 SYL p0 aSylvia A. Price1 aPatofisiologi Volume 1 :bKonsep Klinis Proses-Proses Penyakit /cSylvia A. Price a6, Cet. Ke-1 aJakarta :bEGC,c2005 axxv, 734 hlm :bilus. ;c21 x 27 cm 4aPatofisiologi0 aLorraine M. Wilson ahlm.734 a202500223265 a202500223268 a202500223269